Gender in Movie Titles Quiz Stats

 Plays Quiz Updated Nov 14, 2017

Challenge
Share
Tweet
Embed
Score 0/50 Timer 06:00
15 Plays Today
Question Answer Wrong Answers
Pretty _____ (1990)
Richard Gere, Julia Roberts
Woman
93.7%
Man
0.4%
Grumpy Old _____ (1993)
Jack Lemmon, Ann-Margret
Men
93.2%
Women
1.1%
Rain _____ (1988)
Dustin Hoffman, Valeria Golino
Man
93.2%
Woman
0.9%
Mean _____ (2004)
Tim Meadows, Lindsay Lohan
Girls
92.8%
Boys
1.4%
White _____ Can't Jump (1992)
Wesley Snipes, Rosie Perez
Men
92.8%
Women
1.4%
_____ N The Hood (1991)
Cuba Gooding Jr., Angela Bassett
Boyz
92.8%
Girlz
1.3%
Three _____ and a Baby (1987)
Tom Selleck, Nancy Travis
Men
92.7%
Women
1.4%
Gone _____ (2014)
Ben Affleck, Rosamund Pike
Girl
92.6%
Boy
1.4%
_____ Of Steel (2013)
Henry Cavill, Amy Adams
Man
92.6%
Woman
1.5%
The _____ with the Dragon Tattoo (2011)
Daniel Craig, Rooney Mara
Girl
92.5%
Boy
1.6%
Demolition _____ (1993)
Sylvester Stallone, Sandra Bullock
Man
91.4%
Woman
2.7%
The _____ in Red (1984)
Gene Wilder, Kelly LeBrock
Woman
90.6%
Man
3.5%
Scent of a _____ (1992)
Al Pacino, Gabrielle Anwar
Woman
90.4%
Man
3.7%
The Lost _____ (1987)
Jason Patric, Dianne Wiest
Boys
90.1%
Girls
4%
_____ In Black (1997)
Will Smith, Linda Fiorentino
Men
89.7%
Women
4.6%
Who's That _____ (1987)
Griffin Dunne, Madonna
Girl
89.5%
Boy
4.6%
Working _____ (1988)
Harrison Ford, Melanie Griffith
Girl
89.5%
Boy
4.6%
What _____ Want (2000)
Mel Gibson, Helen Hunt
Women
89%
Men
5.1%
_____, Interrupted (1999)
Jared Leto, Winona Ryder
Girl
88.5%
Boy
5.6%
The Last _____ Scout (1991)
Bruce Willis, Chelsea Field
Boy
88.4%
Girl
5.7%
Cinderella _____ (2005)
Russell Crowe, Renée Zellweger
Man
88%
Woman
6.1%
The _____ with Two Brains (1983)
Steve Martin, Kathleen Turner
Man
88%
Woman
6.1%
My _____ (1991)
Macaulay Culkin, Anna Chlumsky
Girl
88%
Boy
6.1%
The _____ On The Train (2016)
Justin Theroux, Emily Blunt
Girl
87.9%
Boy
6.3%
Bad _____ (1995)
Will Smith, Lisa Boyle
Boys
87.5%
Girls
6.7%
Valley _____ (1983)
Nicolas Cage, Deborah Foreman
Girl
86.9%
Boy
7.1%
Funny _____ (1968)
Omar Sharif, Barbra Streisand
Girl
86.7%
Boy
7.5%
The Other _____ (2014)
Don Johnson, Cameron Diaz
Woman
86.2%
Man
8%
The Fabulous Baker _____ (1989)
Jeff Bridges, Michelle Pfeiffer
Boys
85.9%
Girls
8.2%
His _____ Friday (1940)
Cary Grant, Rosalind Russell
Girl
84.6%
Boy
9.3%
Children Of _____ (2006)
Clive Owen, Julianne Moore
Men
84.1%
Women
9.9%
She's the _____ (2006)
Channing Tatum, Amanda Bynes
Man
82.7%
Woman
11.4%
The Danish _____ (2015)
Eddie Redmayne, Alicia Vikander
Girl
82.1%
Boy
11.8%
The Quiet _____ (1952)
John Wayne, Maureen O'Hara
Man
81.7%
Woman
12.3%
The Man Who Loved _____ (1983)
Burt Reynolds, Julie Andrews
Women
80.6%
Men
13.5%
Single White _____ (1992)
Steven Weber, Bridget Fonda
Female
80%
Male
14%
Riding in Cars with _____ (2001)
Steve Zahn, Drew Barrymore
Boys
78.8%
Girls
15.3%
The Good _____ (2002)
Jake Gyllenhaal, Jennifer Aniston
Girl
78.2%
Boy
15.9%
This _____ Life (1993)
Robert De Niro, Ellen Barkin
Boy's
77%
Girl's
17%
_____ Don't Cry (1999)
Peter Sarsgaard, Hilary Swank
Boys
75.8%
Girls
18.5%
About A _____ (2002)
Hugh Grant, Toni Collette
Boy
73.6%
Girl
20.6%
Lars and the Real _____ (2007)
Ryan Gosling, Emily Mortimer
Girl
72.8%
Boy
21.2%
_____ in Gold (2015)
Ryan Reynolds, Helen Mirren
Woman
71.5%
Man
22.5%
Wonder _____ (2000)
Michael Douglas, Katie Holmes
Boys
70.2%
Girls
23.8%
Fat Man and Little _____ (1989)
Paul Newman, Bonnie Bedelia
Boy
65.1%
Girl
29.1%
_____ on the Verge of a Nervous Breakdown (1988)
Antonio Banderas, Carmen Maura
Women
61.5%
Men
32.5%
_____ On The Side (1995)
Matthew McConaughey, Whoopi Goldberg
Boys
59.3%
Girls
34.6%
A Single _____ (2009)
Colin Firth, Julianne Moore
Man
55.7%
Woman
38.4%
A _____ Under the Influence (1974)
Peter Falk, Gena Rowlands
Woman
41.8%
Man
52.4%
_____ Of The Year (1942)
Spencer Tracy, Katharine Hepburn
Woman
34.7%
Man
59.6%

You're not logged in!

Compare scores with friends on all Sporcle quizzes.
OR
Log In

You Might Also Like...

Show Comments

Extras

Top Quizzes Today


Score Distribution

Your Account Isn't Verified!

In order to create a playlist on Sporcle, you need to verify the email address you used during registration. Go to your Sporcle Settings to finish the process.

Report this User

Report this user for behavior that violates our Community Guidelines.

Details: